Statistics for Countries with ongoing genocide

Click here to take the quiz!

General Stats

  • This quiz has been taken 171 times
    (98 since last reset)
  • The average score is 18 of 24

Answer Stats

Targeted group(s)Country% Correct
LGBT+, UkrainiansRussia
99%
UyghursChina
97%
Alawites, DruzeSyria
93%
KurdsTurkey
93%
Bahais, LGBT+Iran
91%
CopticsEgypt
88%
Dalits, MuslimsIndia
88%
Karens, RohingyaMyanmar
87%
Hazaras, LGBT+Afghanistan
86%
Amharas, SomalisEthiopia
86%
LGBT+, Non-arabsSudan
83%
Yemenis, LGBT+Yemen
83%
UkrainiansUkraine
80%
Pygmies, TutsisDemocratic Republic of the Congo
78%
DissidentsNorth Korea
75%
Dinkas, NuersSouth Sudan
75%
Fulanis, TuaregsMali
70%
Christians, LGBT+Nigeria
70%
Women, PoliticiansMexico
62%
AnglophonesCameroon
61%
LGBT+Belarus
59%
Christians, MuslimsCentral African Republic
51%
Indigenous peopleColombia
42%
ChristiansMozambique
35%

Score Distribution

Percentile by Number Answered

Percent of People with Each Score

Your Score History

You have not taken this quiz since the last reset